000
00295nam a22001217a 4500
020
_a
978-93-272-6276-6
082
_a
640
_b
MUL/H
100
_a
MULLICK, PREMLATA
245
_a
TEXTBOOK OF HOME SCIENCE
260
_a
LUDHIANA
_b
KALYANI PUBLISHERS
_c
1995
650
_a
HOME SCIENCE
_z
INDIA
942
_c
BK
999
_c
7922
_d
7922